Europe Border Crossings - Statistics

General Stats
  • This quiz has been taken 117 times
    77 since last reset
  • The average score is 17 of 18
Answer Stats
Start Country Direction End Country % Correct
Estonia South Latvia
100%
Sweden West Norway
100%
Slovenia North Austria
99%
Netherlands East Germany
99%
San Marino Any Direction Italy
99%
Belgium North Netherlands
99%
Spain West Portugal
99%
Latvia East Russia
99%
France South Spain
99%
Moldova North Ukraine
99%
Austria North Czech Republic
97%
Albania South Greece
97%
Romania North-West Hungary
96%
United Kingdom South Ireland
96%
Poland South Slovakia
96%
Switzerland East Liechtenstein
94%
Serbia South-West Montenegro
94%
Bulgaria South-West North Macedonia
90%
No matching quizzes found
Score Distribution
Percent of People with Each Score
Percentile by Number Answered
Your Score History
You have not taken this quiz since the last reset